The Street Lawyer / (Record no. 12486)
[ view plain ]
| 000 -LEADER | |
|---|---|
| fixed length control field | 01967cam a2200361 a 4500 |
| 001 - CONTROL NUMBER | |
| control field | 1655651 |
| 005 - DATE AND TIME OF LATEST TRANSACTION | |
| control field | 20041230114126.0 |
| 008 - FIXED-LENGTH DATA ELEMENTS--GENERAL INFORMATION | |
| fixed length control field | 971203s1998 nyu 000 1 eng |
| 010 ## - LIBRARY OF CONGRESS CONTROL NUMBER | |
| LC control number | 97047484 |
| 020 ## - INTERNATIONAL STANDARD BOOK NUMBER | |
| International Standard Book Number | 9781405852234 (Pack) |
| 020 ## - INTERNATIONAL STANDARD BOOK NUMBER | |
| International Standard Book Number | 9781405850902 (Book) |
| 020 ## - INTERNATIONAL STANDARD BOOK NUMBER | |
| International Standard Book Number | 9781405850896 (CD- Rom) |
| 040 ## - CATALOGING SOURCE | |
| Original cataloging agency | DLC |
| Transcribing agency | DLC |
| Modifying agency | DLC |
| -- | OCoLC |
| -- | DLC |
| 050 00 - LIBRARY OF CONGRESS CALL NUMBER | |
| Classification number | PS3557.R5355 |
| Item number | S7 1998 |
| 082 00 - DEWEY DECIMAL CLASSIFICATION NUMBER | |
| Edition number | 21 |
| Classification number | 428.64 |
| Item number | GRI |
| 100 1# - MAIN ENTRY--PERSONAL NAME | |
| Personal name | Grisham, John. |
| 9 (RLIN) | 8272 |
| 245 14 - TITLE STATEMENT | |
| Title | The Street Lawyer / |
| Statement of responsibility, etc | John Grisham; retold by Michael Dean. |
| 260 ## - PUBLICATION, DISTRIBUTION, ETC. (IMPRINT) | |
| Place of publication, distribution, etc | England : |
| Name of publisher, distributor, etc | Pearson Education Limited, |
| Date of publication, distribution, etc | c2007. |
| 300 ## - PHYSICAL DESCRIPTION | |
| Extent | iv, 76 p. ; |
| Other physical details | col. ill.; |
| Dimensions | 24 cm. + |
| Accompanying material | 2 CD-ROM (4 3/4 in.) |
| 490 0# - Series Statement | |
| Series statement | Penguin Active Reader ; |
| Volume/sequential designation | 4 |
| 500 ## - GENERAL NOTE | |
| General note | " Level 4, 1700 headwords, Intermediate"-- Cover |
| 651 #0 - SUBJECT ADDED ENTRY--GEOGRAPHIC NAME | |
| Geographic name | Washington (D.C.) |
| General subdivision | Fiction. |
| 9 (RLIN) | 8273 |
| 655 #7 - INDEX TERM--GENRE/FORM | |
| Genre/form data or focus term | Legal stories. |
| Source of term | gsafd |
| -- | 8274 |
| 700 1# - ADDED ENTRY--PERSONAL NAME | |
| Personal name | Dean, Michael |
| 9 (RLIN) | 8275 |
| 856 42 - ELECTRONIC LOCATION AND ACCESS | |
| Materials specified | Contributor biographical information |
| Uniform Resource Identifier | <a href="http://www.loc.gov/catdir/bios/random058/97047484.html">http://www.loc.gov/catdir/bios/random058/97047484.html</a> |
| 856 41 - ELECTRONIC LOCATION AND ACCESS | |
| Materials specified | Sample text |
| Uniform Resource Identifier | <a href="http://www.loc.gov/catdir/samples/random043/97047484.html">http://www.loc.gov/catdir/samples/random043/97047484.html</a> |
| 856 42 - ELECTRONIC LOCATION AND ACCESS | |
| Materials specified | Publisher description |
| Uniform Resource Identifier | <a href="http://www.loc.gov/catdir/description/random044/97047484.html">http://www.loc.gov/catdir/description/random044/97047484.html</a> |
| 942 ## - ADDED ENTRY ELEMENTS (KOHA) | |
| Source of classification or shelving scheme | Dewey Decimal Classification |
| Item type | Book - Borrowing |
| Withdrawn status | Item status | Source of classification or shelving scheme | Materials specified (bound volume or other part) | Damaged status | Not for loan | Vendor | Home library | Current library | Shelving location | Date acquired | Source of acquisition | Cost, normal purchase price | Serial Enumeration / chronology | Total Checkouts | Total Renewals | Full call number | Barcode | Date last seen | Date last borrowed | Koha item type | Public note |
|---|---|---|---|---|---|---|---|---|---|---|---|---|---|---|---|---|---|---|---|---|---|
| Lost | Dewey Decimal Classification | Lost In Inventory_2015-8-23 | Baccah | Central Library | Central Library | Second Floor | 30/07/2009 | 78.00 | 8372 | 3 | 3 | 428.64 GRI | 000017750 | 26/08/2010 | 24/08/2010 | Book - Borrowing | |||||
| Dewey Decimal Classification | Baccah | Central Library | Central Library | Second Floor | 30/07/2009 | 8372 | 1 | 3 | 428.64 GRI | 000017751 | 24/08/2022 | 31/03/2010 | CD | DVD - With book | CD1 | |||||||
| Dewey Decimal Classification | Baccah | Central Library | Central Library | Second Floor | 30/07/2009 | 8372 | 428.64 GRI | 000017752 | 24/08/2022 | CD | DVD - With book | CD2 |